|
|
|
|
| LEADER |
00000nam0a2200000 4500 |
| 001 |
85724 |
| 005 |
20231031101207.0 |
| 010 |
|
|
|a 5289003568
|
| 035 |
|
|
|a (RuTPU)RU\TPU\book\92100
|
| 090 |
|
|
|a 85724
|
| 100 |
|
|
|a 20051116d1989 m y0rusy50 ca
|
| 101 |
0 |
|
|a rus
|
| 102 |
|
|
|a RU
|
| 105 |
|
|
|a a z 000zy
|
| 200 |
1 |
|
|a Вяжем сами
|f Т. П. Лепина
|
| 205 |
|
|
|a 2-е изд., доп. и перераб.
|
| 210 |
|
|
|a Ленинград
|c Лениздат
|d 1989
|
| 215 |
|
|
|a 320 с.
|c ил.
|
| 610 |
1 |
|
|a вязание
|
| 610 |
1 |
|
|a вязание ручное
|
| 610 |
1 |
|
|a изделия
|
| 610 |
1 |
|
|a фриволите
|
| 675 |
|
|
|a 64
|v 3
|
| 700 |
|
1 |
|a Лепина
|b Т. П.
|g Тамара Петровна
|
| 801 |
|
1 |
|a RU
|b 63413507
|c 20051116
|g PSBO
|
| 801 |
|
2 |
|a RU
|b 63413507
|c 20051123
|g PSBO
|
| 942 |
|
|
|c BK
|